Catálogo
 En Linea

Contabilidad de costos : (Registro nro. 38793)

Detalles MARC
000 -CABECERA
campo de control de longitud fija 00798nam a2200229 a 4500
001 - NÚMERO DE CONTROL
campo de control 000039303
005 - FECHA Y HORA DE LA ÚLTIMA TRANSACCIÓN
campo de control 20250523121133.0
008 - DATOS DE LONGITUD FIJA--INFORMACIÓN GENERAL
campo de control de longitud fija 130621s2012 dr ad 001 0 spa d
020 ## - NÚMERO INTERNACIONAL ESTÁNDAR DEL LIBRO
Número Internacional Estándar del Libro 9789945165203
040 ## - FUENTE DE LA CATALOGACIÓN
Centro catalogador/agencia de origen DO-SdBNP
Lengua de catalogación spa
Centro/agencia transcriptor BNPHU
082 ## - NÚMERO DE LA CLASIFICACIÓN DECIMAL DEWEY
Número de clasificación 657.42
Número de documento/Ítem H557c
100 1# - ENTRADA PRINCIPAL--NOMBRE DE PERSONA
Nombre de persona Hernández, Norberto
9 (RLIN) 65497
245 10 - MENCIÓN DE TÍTULO
Título Contabilidad de costos :
Resto del título una herramienta indispensable en la gestión competitiva de los negocios /
Mención de responsabilidad, etc. Norberto Hernández.
260 ## - PUBLICACIÓN, DISTRIBUCIÓN, ETC.
Lugar de publicación, distribución, etc. Santo Domingo :
Nombre del editor, distribuidor, etc. Búho,
Fecha de publicación, distribución, etc. 2012.
300 ## - DESCRIPCIÓN FÍSICA
Extensión 415 p. :
Otras características físicas il., gráfcs. ;
Dimensiones 29 cm.
504 ## - NOTA DE BIBLIOGRAFÍA, ETC.
Nota de bibliografía, etc. Bibliografía: p. 415
590 ## - NOTA LOCAL (RLIN)
Nota local Inventariado, 2018/ YL
650 #0 - PUNTO DE ACCESO ADICIONAL DE MATERIA--TÉRMINO DE MATERIA
Término de materia o nombre geográfico como elemento de entrada Contabilidad de costos
9 (RLIN) 43739
650 #4 - PUNTO DE ACCESO ADICIONAL DE MATERIA--TÉRMINO DE MATERIA
Término de materia o nombre geográfico como elemento de entrada Análisis de costos
9 (RLIN) 65498
650 #4 - PUNTO DE ACCESO ADICIONAL DE MATERIA--TÉRMINO DE MATERIA
Término de materia o nombre geográfico como elemento de entrada Empresas
Subdivisión general Contabilidad
9 (RLIN) 65499
910 ## - DATOS DE OPCIÓN DEL USUARIO (OCLC)
Datos de opción del usuario Validado. Control de calidad EMS
Existencias
Estado de retiro Estado de pérdida Restricciones de uso No para préstamo Código de colección Localización permanente Ubicación/localización actual Ubicación en estantería Fecha de adquisición Número de inventario Total de préstamos Signatura topográfica completa Código de barras Fecha visto por última vez Número de copia Precio válido a partir de Tipo de ítem Koha
        Dominicana de Servicio General General Depósito 21.06.2013 LF1   657.42 H557c 39303-30 25.06.2020 e. 3 25.06.2020 Libro y Folleto Colección Dominicana de Servicio
        Dominicana de Servicio General General Depósito 25.02.2014 LF1   657.42 H557c 39303-40 25.06.2020 e. 4 25.06.2020 Libro y Folleto Colección Dominicana de Servicio
        Dominicana de Servicio General General Depósito 25.02.2014 LF1   657.42 H557c 39303-50 25.06.2020 e. 5 25.06.2020 Libro y Folleto Colección Dominicana de Servicio
      Excluido de préstamo Patrimonio Dominicano Patrimonio Dominicano Patrimonio Dominicano Depósito 21.06.2013 LF1   657.42 H557c 39303-10 25.06.2020   25.06.2020 Libro y Folleto Colección Patrimonio Dominicano
  Extraviado   Excluido de préstamo Patrimonio Dominicano Patrimonio Dominicano Patrimonio Dominicano Extraviado 21.06.2013 LF1   657.42 H557c 39303-20 25.06.2020 e. 2 25.06.2020 Libro y Folleto Colección Patrimonio Dominicano

Con tecnología Koha